00492nam a2200193 a 4500001001300000003000900013005001700022008004100039020001000080082001600090100002200106245003600128260003500164300000900199500003500208505001000243650002300253700002200276nice12345678IN_TiNIC20260116012710.0050524s1963 enga grp 000 0 eng  ac10000a225.92bDOO aDooren, L T A Van aChallenge of the Macdonian Call aEnglandbCapernwray Hallc1963 a136p aincludes index and biblioraphy2 aNotes aPaul-New Testament1 aDooren, L T A Van